Teoría de la educación: reflexión y normativa pedagógica
Збережено в:
| Автор: | |
|---|---|
| Формат: | Книга |
| Мова: | Іспанська |
| Опубліковано: |
Barcelona
Ariel
2008
|
| Редагування: | 2a. ed |
| Серія: | Educación
|
| Предмети: | |
| Теги: |
Додати тег
Немає тегів, Будьте першим, хто поставить тег для цього запису!
|
MARC
| LEADER | 00000cam a2200000 a 4500 | ||
|---|---|---|---|
| 001 | UCD0511 | ||
| 003 | CL-VaPUC | ||
| 008 | 151204e20080000sp |||||||||||||||||spa|d | ||
| 020 | |a 9788434426702 | ||
| 082 | 0 | 4 | |a 370.1 |b SAR |2 21 |
| 100 | 0 | |a Sarramona López, Jaume |e author |9 583479 | |
| 245 | 1 | 0 | |a Teoría de la educación: reflexión y normativa pedagógica |
| 250 | |a 2a. ed | ||
| 300 | |a 278 p | ||
| 942 | |c BK | ||
| 945 | |d 20151204 12:43:00 |a dcastane | ||
| 260 | |a Barcelona |b Ariel |c 2008 | ||
| 650 | 0 | |a Filosofía de la educación |9 258384 | |
| 650 | 0 | |a Teoría de la educación |9 309368 | |
| 583 | |a last modification |c 20151204 12:43:00 |k Rodrigo Vera | ||
| 490 | 0 | |a Educación | |
| 999 | |c 362012 |d 362010 | ||
| 952 | |0 0 |1 0 |3 erb |4 0 |6 370_100000000000000_SAR_2008 |7 0 |8 A |9 472839 |a BIBEDU |b BIBEDU |i 5254361 |o 370.1 SAR 2008 |p 5254361 |r 2019-11-24 |w 2019-11-24 |y BK |z Catalogado en:20151204 |k EPE | ||
| 952 | |0 0 |1 0 |3 erb |4 0 |6 370_100000000000000_SAR_2008 |7 0 |8 A |9 472840 |a BIBEDU |b BIBEDU |i 525437K |o 370.1 SAR 2008 |p 525437K |r 2019-11-24 |w 2019-11-24 |y BK |z Catalogado en:20151204 |k EPE | ||
| 952 | |0 0 |1 0 |3 erb |4 0 |6 370_100000000000000_SAR_2008 |7 0 |8 A |9 472841 |a BIBEDU |b BIBEDU |i 5254388 |o 370.1 SAR 2008 |p 5254388 |r 2019-11-24 |w 2019-11-24 |y BK |z Catalogado en:20151204 |k EPE | ||
| 952 | |0 0 |1 0 |3 erb |4 0 |6 370_100000000000000_SAR_2008 |7 0 |8 A |9 472842 |a BIBEDU |b BIBEDU |i 5254396 |o 370.1 SAR 2008 |p 5254396 |r 2019-11-24 |w 2019-11-24 |y BK |z Catalogado en:20151204 |k EPE | ||